[Event "Rilton Cup 2010-11"]
[Site "Stockholm SWE"]
[Date "2011.01.02"]
[Round "6"]
[White "Hobber, Anders"]
[Black "Sagit, Rauan"]
[Result "0-1"]
[BlackTitle "FM"]
[WhiteElo "2196"]
[BlackElo "2406"]
[WhiteFideId "1505424"]
[BlackFideId "1708376"]
[EventDate "2010.12.27"]

1. d4 Nf6 2. Nf3 e6 3. c4 a6 4. e3 d5 5. Nc3 c5 6. dxc5 Bxc5 7. a3 O-O 8. b4 Bd6
9. Bb2 a5 10. b5 dxc4 11. Bxc4 Qc7 12. Qe2 a4 13. O-O Nbd7 14. Rfd1 b6 15. Rac1
Nc5 16. Nb1 Bb7 17. Nbd2 Ng4 18. h3 Ne5 19. Nxe5 Bxe5 20. Bd4 Qd6 21. Bxc5 Qxc5
22. Bd3 Qxa3 23. Nc4 Qc5 24. Na5 Qxc1 25. Rxc1 Rxa5 26. Bc4 a3 27. e4 Bd4 28.
Kh1 Raa8 29. Ba2 Bc5 30. h4 Ra4 31. f3 Rc8 32. h5 h6 33. Rd1 Rd4 34. Rxd4 Bxd4
35. Qd3 Rc1+ 36. Kh2 Be5+ 37. Kh3 g5 38. g3 Rg1 39. f4 gxf4 40. Qd7 Rxg3+ 41.
Kh2 f3 42. Bxe6 Rg6+ 43. Kh1 Rxe6 44. Qxb7 Rd6 45. Kg1 Rd1+ 46. Kf2 Rd2+ 47. Ke3
a2 48. Qc8+ Kg7 49. Qg4+ Kf8 50. Qc8+ Ke7 51. Kxd2 a1=Q 52. Qb7+ Kf6 53. Kc2
Qc3+ 54. Kd1 Qd3+ 55. Kc1 Qe3+ 56. Kd1 f2 57. Qc6+ Kg7 58. Kc2 Qe2+ 59. Kb3 f1=Q
60. Ka4 Qa2+ 61. Kb4 Qfb1# 0-1

[Event "Rilton Cup 2010-11"]
[Site "Stockholm SWE"]
[Date "2011.01.02"]
[Round "6"]
[White "Nielsen, Rogvi Egilstoft"]
[Black "Forsberg, Viktor"]
[Result "1/2-1/2"]
[WhiteElo "2116"]
[BlackElo "2255"]
[WhiteFideId "7200447"]
[BlackFideId "1707914"]
[EventDate "2010.12.27"]

1. e4 e5 2. Nf3 Nc6 3. Bc4 d6 4. c3 Be6 5. Bxe6 fxe6 6. Qb3 Qc8 7. O-O Nf6 8.
Re1 Be7 9. Ng5 Nd8 10. d4 O-O 11. dxe5 dxe5 12. f3 h6 13. Nh3 Bc5+ 14. Be3 Bxe3+
15. Rxe3 Nf7 16. Rd3 Rd8 17. Rxd8+ Qxd8 18. Na3 Qe7 19. Qxb7 Qc5+ 20. Kf1 Rf8
21. Qb4 Qe3 22. Re1 Qd3+ 23. Kg1 Qd2 24. Rf1 Qe3+ 25. Nf2 Nh5 26. Qb3 Nf4 27.
Qc2 Ng5 28. Kh1 h5 29. Nc4 Qc5 30. b3 h4 31. g3 Ng6 32. Nd3 Qb5 33. a4 Qe8 34.
Ndxe5 hxg3 35. hxg3 Nxe5 36. Nxe5 Qh5+ 37. Qh2 Nxe4 38. Qxh5 Nxg3+ 39. Kg2 Nxh5
40. Rd1 Nf4+ 41. Kf2 Rf5 42. Rd8+ Kh7 43. Nd3 Nxd3+ 44. Rxd3 Kg6 45. c4 Rf8 46.
Ke3 Kf6 47. Rd7 1/2-1/2

[Event "Rilton Cup 2010-11"]
[Site "Stockholm SWE"]
[Date "2011.01.02"]
[Round "6"]
[White "Kudzma, Laimonas"]
[Black "Azizi, Haroon"]
[Result "1-0"]
[WhiteElo "2232"]
[BlackElo "2140"]
[WhiteFideId "12803545"]
[BlackFideId "1705687"]
[EventDate "2010.12.27"]

1. d4 d5 2. Nf3 Nc6 3. Bf4 Bf5 4. e3 a6 5. c4 e6 6. Nc3 Nf6 7. Rc1 Be7 8. h3 O-O
9. a3 h6 10. cxd5 exd5 11. Ne5 Na7 12. Qb3 Rb8 13. Bd3 Be6 14. Na4 Ne8 15. Nc5
Bxc5 16. Rxc5 Nd6 17. Qc2 c6 18. O-O Nac8 19. b4 Ne7 20. a4 Rc8 21. Rb1 f6 22.
Nf3 Nc4 23. Bxc4 dxc4 24. a5 Nd5 25. Bh2 Qd7 26. Rxc4 Rce8 27. e4 Ne7 28. d5 Bf7
29. d6 Ng6 30. Rc5 Re6 31. Nd4 Rxd6 32. Bxd6 Qxd6 33. Nf5 Qb8 34. Rd1 Be6 35.
Qd2 Bb3 36. Qd7 Bf7 37. Qd6 Qe8 38. f3 Be6 39. Ne3 Ne5 40. f4 Nf7 41. Qc7 Bxh3
42. gxh3 Qxe4 43. Ng2 Qxb4 44. Qb6 Qa3 45. Rc2 Qxh3 46. Qxb7 Qg4 47. Qd7 f5 48.
Rxc6 Kh7 49. Rd5 Nd8 50. Qe7 1-0

[Event "Rilton Cup 2010-11"]
[Site "Stockholm SWE"]
[Date "2011.01.02"]
[Round "6"]
[White "Lindgren, Philip"]
[Black "Holving, Rasmus"]
[Result "1/2-1/2"]
[WhiteElo "2091"]
[BlackElo "2211"]
[WhiteFideId "1713230"]
[BlackFideId "1703145"]
[EventDate "2010.12.27"]

1. d4 Nf6 2. c4 e6 3. Nf3 c5 4. d5 b5 5. dxe6 fxe6 6. cxb5 d5 7. e3 Bd6 8. Be2
O-O 9. O-O Nbd7 10. Nbd2 Bb7 11. b3 Qe7 12. Bb2 e5 13. e4 dxe4 14. Ne1 e3 15.
fxe3 e4 16. Nc4 Bc7 17. g3 Rad8 18. Qc2 Nd5 19. a3 N7f6 20. Ng2 Qd7 21. Ne5 Qh3
22. Nf4 Nxf4 23. Rxf4 Nd5 24. Rh4 Qg2+ 25. Kxg2 Nxe3+ 26. Kg1 Nxc2 27. Bc4+ Bd5
28. Rc1 Nd4 29. Bxd4 cxd4 30. Nc6 Bxc4 31. Nxd8 Bxd8 32. bxc4 Bxh4 33. gxh4 d3
34. Rf1 Rc8 35. Kf2 Rxc4 36. Ke3 Ra4 37. Rf4 g6 38. Rf2 Kg7 39. Rf4 Rc4 40. Rf1
Ra4 41. Rf4 h6 42. Rf2 Rc4 43. Rf1 Ra4 44. Rf2 Rxa3 45. Kxe4 Rb3 46. Ra2 Rb4+
47. Kxd3 Rxb5 48. Rxa7+ Kf6 49. Ke3 Rb2 50. Kf4 Rxh2 51. Ra6+ Kf7 52. Ra7+ Ke8
53. Ra8+ Kd7 54. Ra7+ Kc8 55. Kg3 Rh1 56. Rg7 h5 57. Kg2 1/2-1/2

[Event "Rilton Cup 2010-11"]
[Site "Stockholm SWE"]
[Date "2011.01.02"]
[Round "6"]
[White "Johansson, Linus"]
[Black "Eriksson, Jorgen"]
[Result "1-0"]
[WhiteElo "1966"]
[BlackElo "2202"]
[WhiteFideId "1711113"]
[BlackFideId "1701967"]
[EventDate "2010.12.27"]

1. d4 e6 2. c4 Nf6 3. Nc3 Bb4 4. e3 O-O 5. Bd3 d5 6. Nf3 dxc4 7. Bxc4 b6 8. O-O
Bb7 9. a3 Bxc3 10. bxc3 Nbd7 11. Re1 c5 12. Bd3 Be4 13. Bf1 Qc7 14. Nd2 Bb7 15.
e4 cxd4 16. cxd4 Qc3 17. Rb1 Qxd4 18. Bb2 Qc5 19. e5 Nd5 20. Ne4 Qe7 21. Qg4 f5
22. exf6 N7xf6 23. Nxf6+ Nxf6 24. Rxe6 Bc8 25. Rxe7 Bxg4 26. h3 Bh5 27. Rc1 Rfe8
28. Rcc7 Rxe7 29. Rxe7 Bf7 30. g4 a6 31. Rb7 b5 32. g5 Ne4 33. Bg2 Re8 34. f4
Nd6 35. Ra7 Nc4 36. Bc3 a5 37. Bxa5 Nxa5 38. Rxa5 Bc4 39. Ra8 Rxa8 40. Bxa8 Kf7
41. Kf2 Ke6 42. Ke3 h6 43. gxh6 gxh6 44. Be4 Kd6 45. Kd4 Bf1 46. h4 Bh3 47. Bd3
Bd7 48. f5 Be8 49. Be4 Bh5 50. Bd5 Be2 51. Bb3 Bh5 52. Ke4 Be2 53. f6 Bg4 54.
Kf4 Bh3 55. Bc2 Ke6 56. Bf5+ Bxf5 57. f7 Kxf7 58. Kxf5 Kg7 59. h5 Kf7 60. Ke5
Ke7 1-0

[Event "Rilton Cup 2010-11"]
[Site "Stockholm SWE"]
[Date "2011.01.02"]
[Round "6"]
[White "Ostling, Hakan"]
[Black "Wenzel, Birger"]
[Result "1-0"]
[WhiteElo "2207"]
[BlackElo "2060"]
[WhiteFideId "1708635"]
[BlackFideId "4657497"]
[EventDate "2010.12.27"]

1. b3 e5 2. Bb2 Nc6 3. c4 Nf6 4. g3 Bc5 5. Bg2 d6 6. e3 O-O 7. Ne2 Re8 8. O-O e4
9. d4 exd3 10. Nf4 Bg4 11. Qd2 Ne4 12. Bxe4 Rxe4 13. Nxd3 Bf3 14. Nc3 Bb4 15.
Nxb4 Qd7 16. Nc2 Rh4 17. Ne1 Ne5 18. Ne2 Qg4 19. Bxe5 Rxh2 20. Nxf3 Rh6 21. Nh2 1-0

[Event "Rilton Cup 2010-11"]
[Site "Stockholm SWE"]
[Date "2011.01.02"]
[Round "6"]
[White "Bouaraba, Max"]
[Black "Wiander, Michael"]
[Result "1-0"]
[WhiteElo "2219"]
[BlackElo "2158"]
[WhiteFideId "4635973"]
[BlackFideId "1702580"]
[EventDate "2010.12.27"]

1. d4 d5 2. Bg5 Nc6 3. c4 f6 4. Bh4 e5 5. dxe5 Bb4+ 6. Nd2 dxc4 7. Nf3 Bg4 8. a3
Ba5 9. e3 Bxf3 10. gxf3 Qd5 11. Qc2 Nxe5 12. O-O-O Bxd2+ 13. Rxd2 Qxf3 14. Rg1
Ne7 15. Rxg7 Nf5 16. Be2 Qh3 17. Bxf6 Nxg7 18. Bxg7 Ng6 19. Bxh8 Nxh8 20. Qe4+
Kf8 21. Qf4+ 1-0

[Event "Rilton Cup 2010-11"]
[Site "Stockholm SWE"]
[Date "2011.01.02"]
[Round "6"]
[White "Markevich, Ilya"]
[Black "Pettersson, Anders"]
[Result "1/2-1/2"]
[WhiteElo "2175"]
[BlackElo "2127"]
[WhiteFideId "24114839"]
[BlackFideId "1709771"]
[EventDate "2010.12.27"]

1. e4 c5 2. Nf3 g6 3. d4 cxd4 4. Nxd4 Nc6 5. Nc3 Bg7 6. Nb3 Nf6 7. Be2 O-O 8.
O-O b6 9. Bg5 Bb7 10. f4 d6 11. Bf3 Nd7 12. Re1 b5 13. Rb1 a5 14. Nd5 Kh8 15.
Kh1 Re8 16. c3 b4 17. Bg4 Nf8 18. Bh4 Qb8 19. Bf2 Ne6 20. f5 Nf8 21. Nb6 Ne5 22.
Nxa8 Qxa8 23. Nd2 gxf5 24. Bxf5 Nfg6 25. Nf3 e6 26. Bxg6 Nxg6 27. Ng5 Kg8 28.
Qf3 Ne5 29. Qg3 h6 30. Nh3 Bxe4 31. Rbd1 Ng6 32. Bd4 e5 33. Be3 d5 34. Nf2 Bf5
35. Ng4 Kh7 36. Rf1 Qc8 37. h3 bxc3 38. bxc3 Qe6 39. Rd2 Rc8 40. Rc1 d4 41. Bf2
h5 42. Nh2 Bh6 43. Nf3 Qf6 44. Be1 dxc3 45. Rdd1 c2 46. Rd2 e4 47. Ng1 e3 48.
Rd6 Qe7 49. Rd5 Qe6 50. Rd6 Bf4 51. Rxe6 Bxg3 52. Rxe3 Bf4 53. Bd2 Bxe3 54. Bxe3
Rd8 55. Nf3 Rd1+ 56. Kh2 Ne7 57. g4 hxg4 58. hxg4 Bg6 59. Kg3 Nd5 60. Bd2 Nb4 1/2-1/2

[Event "Rilton Cup 2010-11"]
[Site "Stockholm SWE"]
[Date "2011.01.02"]
[Round "6"]
[White "Olander, Aleksi"]
[Black "Bryntze, Stefan"]
[Result "1-0"]
[WhiteElo "1990"]
[BlackElo "2135"]
[WhiteFideId "504963"]
[BlackFideId "1709100"]
[EventDate "2010.12.27"]

1. d4 e6 2. c4 f5 3. g3 Bb4+ 4. Bd2 Qe7 5. Bg2 Nf6 6. Nc3 O-O 7. Nf3 d6 8. O-O
Bxc3 9. Bxc3 Ne4 10. Rc1 Nd7 11. b4 b6 12. Nd2 Bb7 13. Nxe4 fxe4 14. d5 exd5 15.
cxd5 Rf5 16. f3 Raf8 17. g4 R5f7 18. Qd2 e3 19. Qd3 Qg5 20. Rfd1 Re7 21. Bb2 Nf6
22. Bxf6 Rxf6 23. b5 Qh4 24. Rc4 Rh6 25. h3 Qg3 26. Re4 Rxh3 27. Qxe3 Rh2 28.
Qf2 Qxf2+ 29. Kxf2 Kf8 30. Ra4 a5 31. bxa6 Ba8 32. Kg3 Rh6 33. e4 Rf6 34. Bf1
Ref7 35. Ra3 c6 36. dxc6 Bxc6 37. Rc1 d5 38. a7 1-0

[Event "Rilton Cup 2010-11"]
[Site "Stockholm SWE"]
[Date "2011.01.02"]
[Round "6"]
[White "Olund, Joar"]
[Black "Lokander, Martin"]
[Result "1-0"]
[WhiteElo "2035"]
[BlackElo "1982"]
[WhiteFideId "1714848"]
[BlackFideId "1709569"]
[EventDate "2010.12.27"]

1. d4 Nf6 2. Nf3 g6 3. c4 Bg7 4. Nc3 d5 5. cxd5 Nxd5 6. e4 Nxc3 7. bxc3 c5 8.
Rb1 O-O 9. Be2 cxd4 10. cxd4 Qa5+ 11. Bd2 Qxa2 12. O-O Bg4 13. Be3 Nc6 14. d5
Na5 15. Rb4 Bxf3 16. Bxf3 Nc4 17. Bg5 Rfc8 18. Rxb7 a5 19. Rxe7 a4 20. d6 Ne5
21. Be2 a3 22. d7 Rd8 23. Bb5 Nxd7 24. Rxd7 Rxd7 25. Qxd7 Qb3 26. Bc6 Rf8 27.
Bd5 Qb2 28. Qa7 Bd4 29. Qa4 Rb8 30. Be3 Bg7 31. Bc1 Qe5 32. Bxa3 Qg5 33. Qa7 Qd8
34. Bxf7+ Kh8 35. Be7 Qc8 36. Be6 Qe8 37. Qd7 Qxd7 38. Bxd7 Rb7 39. Rd1 Bd4 40.
Bg4 Bxf2+ 41. Kxf2 Rxe7 42. Rd8+ Kg7 43. Rd7 1-0

[Event "Rilton Cup 2010-11"]
[Site "Stockholm SWE"]
[Date "2011.01.02"]
[Round "6"]
[White "Thiborg, Jesper"]
[Black "Wihlborn, Bengt"]
[Result "1-0"]
[WhiteElo "2020"]
[BlackElo "1895"]
[WhiteFideId "1711954"]
[BlackFideId "1709496"]
[EventDate "2010.12.27"]

1. d4 e6 2. c4 Nf6 3. Nc3 Bb4 4. Qc2 c5 5. Nf3 d5 6. cxd5 exd5 7. Bg5 O-O 8. e3
Bg4 9. Ne5 Be6 10. Be2 cxd4 11. exd4 Nc6 12. Rd1 h6 13. Bh4 Rc8 14. O-O Be7 15.
Qd2 a6 16. f4 Bf5 17. Bf3 Re8 18. Rfe1 Be6 19. Bf2 h5 20. Qe2 Nxe5 21. dxe5 Ng4
22. Bd4 g6 23. h3 Nh6 24. Bf2 Qa5 25. Nxd5 Qxa2 26. Nxe7+ Rxe7 27. Rd2 Qa4 28.
Red1 b5 29. Bh4 Ree8 30. Bg5 Nf5 31. g4 hxg4 32. hxg4 Ng7 33. Qh2 Qb3 34. Rd3
Qc2 35. Qh6 Qc5+ 36. Kg2 Bc4 37. Rd6 Re6 38. Bf6 Rxf6 39. exf6 Ne8 40. Rh1 Qxd6
41. Qh8# 1-0

[Event "Rilton Cup 2010-11"]
[Site "Stockholm SWE"]
[Date "2011.01.03"]
[Round "7"]
[White "Naiditsch, Arkadij"]
[Black "Volkov, Sergey"]
[Result "0-1"]
[WhiteTitle "GM"]
[BlackTitle "GM"]
[WhiteElo "2685"]
[BlackElo "2594"]
[WhiteFideId "4650891"]
[BlackFideId "4122763"]
[EventDate "2010.12.27"]

1. e4 e6 2. d4 d5 3. Nc3 Nf6 4. Bg5 Bb4 5. e5 h6 6. Be3 Ne4 7. Qg4 Kf8 8. a3
Bxc3+ 9. bxc3 Nxc3 10. Bd3 Nc6 11. Nf3 Na4 12. O-O Nb2 13. Be2 Nc4 14. Nd2 Nxd2
15. Bxd2 f5 16. exf6 Qxf6 17. c3 e5 18. Qg3 Bf5 19. Rae1 exd4 20. c4 d3 21. Bxd3
Bxd3 22. Qxd3 d4 23. Re4 Kg8 24. Rf4 Qd6 25. Re1 Rd8 26. c5 Qxc5 27. Qg6 Qg5 28.
Rf8+ Kxf8 29. Bxg5 hxg5 30. Qf5+ Kg8 31. f4 g4 32. Qe6+ Kf8 33. Qf5+ Kg8 34. Rb1
d3 35. Rd1 Nd4 36. Qe4 Ne2+ 37. Kf2 Nxf4 38. Qc4+ Kh7 39. g3 Nh3+ 40. Kg2 Rhf8
41. Qxg4 Nf2 42. Qh4+ Kg8 43. Qc4+ Kh8 44. Rd2 Rd7 45. Qb4 Rdf7 46. Qxb7 c5 47.
Qd5 Rf5 48. Qc4 R8f6 49. Rb2 Kh7 50. Rb8 d2 51. Qg8+ Kg6 52. Qe8+ Rf7 53. g4 Rf6
54. Qe5 Nxg4 55. Qe4+ Rf5 56. Rd8 Nf2 57. Rd6+ Rf6 58. Rxf6+ Kxf6 59. Qc6+ Kg5
60. Kg3 d1=Q 61. h4+ Kh5 62. Qe8+ Kh6 0-1

[Event "Rilton Cup 2010-11"]
[Site "Stockholm SWE"]
[Date "2011.01.03"]
[Round "7"]
[White "Furhoff, Johan"]
[Black "Shimanov, Aleksandr"]
[Result "0-1"]
[WhiteTitle "IM"]
[BlackTitle "GM"]
[WhiteElo "2365"]
[BlackElo "2516"]
[WhiteFideId "1701797"]
[BlackFideId "4198603"]
[EventDate "2010.12.27"]

1. e4 c6 2. d4 d5 3. Nd2 dxe4 4. Nxe4 Bf5 5. Ng3 Bg6 6. Bc4 e6 7. N1e2 Bd6 8.
O-O Nd7 9. Nf4 Ngf6 10. Bxe6 fxe6 11. Nxe6 Qa5 12. Qe2 Bxg3 13. fxg3 Kf7 14.
Ng5+ Kf8 15. Ne6+ Kg8 16. Bd2 Qh5 17. Qc4 Bf7 18. Rae1 Nf8 19. Rxf6 gxf6 20. Nf4
Bxc4 21. Nxh5 Kf7 22. b3 Be6 23. d5 cxd5 24. Nxf6 Nd7 25. Nh5 Rhe8 0-1

[Event "Rilton Cup 2010-11"]
[Site "Stockholm SWE"]
[Date "2011.01.03"]
[Round "7"]
[White "Ulibin, Mikhail"]
[Black "Karlsson, Lars"]
[Result "0-1"]
[WhiteTitle "GM"]
[BlackTitle "GM"]
[WhiteElo "2552"]
[BlackElo "2466"]
[WhiteFideId "4101405"]
[BlackFideId "1700057"]
[EventDate "2010.12.27"]

1. d4 f5 2. g3 Nf6 3. Bg2 e6 4. c4 Bb4+ 5. Nd2 O-O 6. Nf3 d6 7. O-O Bxd2 8. Qxd2
a5 9. b3 Qe7 10. Bb2 Nbd7 11. Qc2 Ne4 12. Ne1 Ndf6 13. Nd3 Bd7 14. Rad1 a4 15.
Qc1 h6 16. Nf4 Qe8 17. b4 b5 18. f3 Ng5 19. h4 Ngh7 20. cxb5 a3 21. Ba1 Nd5 22.
Nxd5 exd5 23. Qxc7 Bxb5 24. Qxd6 Bc4 25. Rf2 Ra6 26. Qf4 g5 27. Qd2 f4 28. gxf4
gxf4 29. Rc1 Rg6 30. Rxc4 dxc4 31. d5 Qe3 32. Qd4 Qxd4 33. Bxd4 Nf6 34. Bc5 Nxd5
35. Kh2 Ne3 36. Bh3 Rd8 37. b5 c3 38. Bxa3 c2 39. b6 Rxb6 40. Rg2+ Nxg2 41. Kxg2
Rd1 0-1

[Event "Rilton Cup 2010-11"]
[Site "Stockholm SWE"]
[Date "2011.01.03"]
[Round "7"]
[White "Brynell, Stellan"]
[Black "Sokolov, Ivan"]
[Result "1/2-1/2"]
[WhiteTitle "GM"]
[BlackTitle "GM"]
[WhiteElo "2492"]
[BlackElo "2642"]
[WhiteFideId "1700219"]
[BlackFideId "14400030"]
[EventDate "2010.12.27"]

1. d4 d5 2. Nf3 Nf6 3. c4 dxc4 4. e3 g6 5. Bxc4 Bg7 6. O-O O-O 7. Nc3 Nfd7 8. h3
Nc6 9. a3 Na5 10. Ba2 c5 11. Qe2 b6 12. Rd1 Bb7 13. e4 Qc8 14. Bg5 Re8 15. Nd5
Nc6 16. dxc5 e6 17. Ne3 bxc5 18. Rac1 Qc7 19. Qd2 Nf6 20. Bxf6 Bxf6 21. Ng4 Bg7
22. Qg5 Qe7 23. Qxe7 Nxe7 24. e5 Bxf3 25. gxf3 Rec8 26. Rd7 Nf5 27. b4 h5 28.
Nf6+ Bxf6 29. exf6 cxb4 30. Rxc8+ Rxc8 31. axb4 a6 32. Kg2 Rc6 33. Bb1 Rb6 34.
Bxf5 gxf5 35. Ra7 h4 36. Kf1 Rxb4 37. Rxa6 Kh7 38. Kg2 Kg6 39. Ra8 Kxf6 40. Rc8
e5 41. Rh8 Kg7 42. Re8 f6 43. Re7+ Kg6 44. Re8 Rb3 45. Rg8+ Kh5 46. f4 exf4 47.
Rh8+ Kg6 48. Rxh4 Kg5 49. Rh8 f3+ 50. Kh2 f4 51. Rg8+ Kf5 52. Rg1 Rb2 53. Rf1
Kg5 54. Rg1+ Kf5 55. Rf1 Ra2 56. Kg1 Kg5 57. Rb1 Ra3 58. Kh2 Rc3 59. Ra1 Rc2 60.
Kg1 Kh4 61. Ra3 Kxh3 62. Rxf3+ Kg4 63. Kg2 Rc1 64. Ra3 f3+ 65. Rxf3 Rg1+ 66.
Kxg1 Kxf3 67. Kf1 f5 68. Ke1 Kg2 69. f4 Kg3 70. Ke2 Kxf4 71. Kf2 Ke4 1/2-1/2

[Event "Rilton Cup 2010-11"]
[Site "Stockholm SWE"]
[Date "2011.01.03"]
[Round "7"]
[White "Berg, Emanuel"]
[Black "Berczes, David"]
[Result "1/2-1/2"]
[WhiteTitle "GM"]
[BlackTitle "GM"]
[WhiteElo "2627"]
[BlackElo "2526"]
[WhiteFideId "1704060"]
[BlackFideId "722960"]
[EventDate "2010.12.27"]

1. e4 c6 2. d4 d5 3. Nc3 dxe4 4. Nxe4 Bf5 5. Ng3 Bg6 6. h4 h6 7. Nf3 e6 8. Ne5
Bh7 9. Bc4 Nd7 10. Qe2 Nxe5 11. dxe5 Ne7 12. Ne4 Qa5+ 13. Bd2 Qxe5 14. Bd3 Nd5
15. O-O-O Nf4 16. Bxf4 Qxf4+ 17. Kb1 O-O-O 18. g3 Qc7 19. f4 Qb6 20. c3 Be7 21.
Nf2 Bc5 22. Bxh7 Bxf2 23. Rxd8+ Rxd8 24. f5 Bxg3 25. fxe6 fxe6 26. Qxe6+ Kb8 27.
h5 a5 28. Qe7 Qc7 29. Qxc7+ Kxc7 30. Rf1 Kb6 31. Rf7 Be5 32. Kc2 Bf6 33. a4 Rd5
34. Bg6 Rg5 35. Rd7 Rg4 36. Kb3 Rg2 37. Bf5 Rg5 38. Bg6 Rg2 39. Bf5 Rh2 40. Bg6
Bg5 41. Rxg7 Bc1 42. Kc4 Rxb2 43. Bf5 Bg5 44. Rf7 Ka7 45. Rc7 Rf2 46. Rf7 Rf3
47. Bg6 Rh3 48. Bf5 1/2-1/2

[Event "Rilton Cup 2010-11"]
[Site "Stockholm SWE"]
[Date "2011.01.03"]
[Round "7"]
[White "Urkedal, Frode"]
[Black "Gleizerov, Evgeny"]
[Result "1-0"]
[WhiteTitle "FM"]
[BlackTitle "GM"]
[WhiteElo "2438"]
[BlackElo "2572"]
[WhiteFideId "1506102"]
[BlackFideId "4101332"]
[EventDate "2010.12.27"]

1. d4 e6 2. c4 f5 3. g3 Nf6 4. Bg2 c6 5. Nf3 d5 6. O-O Bd6 7. Qc2 O-O 8. Nc3 Bd7
9. Rb1 Be8 10. Ng5 Qe7 11. Qb3 b6 12. cxd5 cxd5 13. Nxe6 Qxe6 14. Nxd5 Bf7 15.
Nxf6+ Qxf6 16. Qa4 f4 17. Bxa8 fxg3 18. hxg3 h5 19. Qb5 Qxd4 20. Be3 Qg4 21. Bf3
Qe6 22. Qd3 h4 23. Rbd1 Bc7 24. Bd5 Qh3 25. Bg2 Qg4 26. Qc3 Bd8 27. Qd4 Qxe2 28.
Qxd8 Rxd8 29. Rxd8+ Kh7 30. Rxb8 hxg3 31. Rb7 Bg6 32. Rc1 gxf2+ 33. Bxf2 Qxb2
34. Rd1 Qxa2 35. Bd4 Bf7 36. Be4+ Kh6 37. Be3+ g5 38. Rd6+ Be6 39. Rh7# 1-0

[Event "Rilton Cup 2010-11"]
[Site "Stockholm SWE"]
[Date "2011.01.03"]
[Round "7"]
[White "Ivanov, Sergey"]
[Black "Cramling, Pia"]
[Result "1/2-1/2"]
[WhiteTitle "GM"]
[BlackTitle "GM"]
[WhiteElo "2536"]
[BlackElo "2526"]
[WhiteFideId "4101375"]
[BlackFideId "1700030"]
[EventDate "2010.12.27"]

1. d4 Nf6 2. c4 e6 3. Nf3 b6 4. g3 Ba6 5. Qc2 c6 6. e4 d5 7. cxd5 Bxf1 8. Kxf1
cxd5 9. e5 Ne4 10. Nbd2 Nxd2+ 11. Bxd2 Be7 12. Kg2 Nd7 13. Rac1 O-O 14. h4 h6
15. Qd3 a6 16. a3 Re8 17. Rc6 Rc8 18. Rxc8 Qxc8 19. Rc1 Qb7 20. Qc2 Rd8 21. h5
a5 22. Ne1 Qa6 23. Qd3 Qxd3 24. Nxd3 Kf8 25. f4 Nb8 26. b4 axb4 27. Bxb4 Ke8 28.
g4 Kd7 29. Bxe7 Kxe7 30. f5 Kd7 31. fxe6+ fxe6 32. Nb4 Rf8 33. Kg3 Rc8 34. Rxc8
Kxc8 35. g5 Kd7 36. Kf4 Nc6 37. Nc2 Ke7 38. gxh6 gxh6 39. Ke3 Kd7 40. Kd3 Ne7
41. Ne3 Kc6 42. Ng2 Nf5 43. Nf4 Ng7 44. a4 b5 45. Kc3 bxa4 46. Kb4 a3 47. Kxa3
Kb5 48. Kb3 Ka5 49. Ka3 Kb5 50. Kb3 Ka5 1/2-1/2

[Event "Rilton Cup 2010-11"]
[Site "Stockholm SWE"]
[Date "2011.01.03"]
[Round "7"]
[White "Hillarp Persson, Tiger"]
[Black "Semcesen, Daniel"]
[Result "1-0"]
[WhiteTitle "GM"]
[BlackTitle "IM"]
[WhiteElo "2528"]
[BlackElo "2449"]
[WhiteFideId "1700812"]
[BlackFideId "1706993"]
[EventDate "2010.12.27"]

1. d4 d5 2. Nf3 Nf6 3. c4 dxc4 4. e3 Bg4 5. Bxc4 e6 6. h3 Bh5 7. Nc3 a6 8. g4
Bg6 9. Ne5 Nbd7 10. Nxg6 hxg6 11. Bf1 c6 12. Bg2 Bd6 13. Bd2 Qe7 14. O-O O-O-O
15. f4 Bc7 16. Qf3 Nb6 17. Rad1 Kb8 18. a3 Nfd5 19. Ne4 Nc4 20. Bc1 f5 21. Nc5
fxg4 22. hxg4 g5 23. b3 Ncb6 24. Rfe1 Rdf8 25. Nd3 Nd7 26. b4 gxf4 27. exf4 Qh4
28. Rxe6 Nxf4 29. Nxf4 g5 30. Re4 gxf4 31. d5 Nf6 32. Rxf4 Nd7 33. d6 Bb6+ 34.
Kf1 Rxf4 35. Bxf4 Rf8 36. Re1 Qf6 37. Re4 Qb2 38. Re2 Qc1+ 39. Bxc1 1-0

[Event "Rilton Cup 2010-11"]
[Site "Stockholm SWE"]
[Date "2011.01.03"]
[Round "7"]
[White "Akesson, Ralf"]
[Black "Souleidis, Georgios"]
[Result "1-0"]
[WhiteTitle "GM"]
[BlackTitle "IM"]
[WhiteElo "2434"]
[BlackElo "2411"]
[WhiteFideId "1700120"]
[BlackFideId "4206827"]
[EventDate "2010.12.27"]

1. d4 Nf6 2. c4 g6 3. Nc3 Bg7 4. e4 d6 5. h3 O-O 6. Bg5 Na6 7. Nf3 Qe8 8. Bd3 e5
9. O-O Nh5 10. Re1 c6 11. Bf1 Nc7 12. Be3 Qe7 13. Qd2 b6 14. Rad1 Bb7 15. g3
Rfe8 16. Bg2 Rad8 17. Qc2 Nf6 18. c5 bxc5 19. dxe5 dxe5 20. Na4 Nd7 21. Nxc5
Nxc5 22. Bxc5 Qe6 23. a3 a6 24. Bb6 Rc8 25. h4 c5 26. Bxc5 Nb5 27. Qc1 Qb3 28.
Re3 Qa4 29. b4 Rcd8 30. Rde1 h6 31. Bf1 Nd4 32. Nxd4 exd4 33. Rf3 Rf8 34. Bxf8
Rxf8 35. Qd2 Kh7 36. h5 Qd7 37. hxg6+ fxg6 38. Rxf8 Bxf8 1-0

[Event "Rilton Cup 2010-11"]
[Site "Stockholm SWE"]
[Date "2011.01.03"]
[Round "7"]
[White "Smith, Axel"]
[Black "Sipila, Vilka"]
[Result "0-1"]
[WhiteTitle "IM"]
[WhiteElo "2448"]
[BlackElo "2262"]
[WhiteFideId "1707930"]
[BlackFideId "505455"]
[EventDate "2010.12.27"]

1. c4 Nf6 2. g3 e6 3. Bg2 d5 4. Nf3 d4 5. e3 c5 6. exd4 cxd4 7. O-O Nc6 8. d3
Bd6 9. a3 a5 10. Bg5 h6 11. Bxf6 Qxf6 12. Nbd2 Qd8 13. Rc1 O-O 14. Re1 Re8 15.
c5 Bc7 16. Nc4 e5 17. b4 axb4 18. axb4 Nxb4 19. Nfxe5 Bxe5 20. Rxe5 Rxe5 21.
Nxe5 Qc7 22. Qb3 Qxe5 23. Qxb4 Ra2 24. Re1 Re2 25. Rxe2 Qxe2 26. Bxb7 Bf5 27.
Ba6 Qd1+ 28. Kg2 Bg4 29. Qb8+ Kh7 30. Qf4 f5 31. h4 Bh3+ 32. Kh2 Bg4 33. Kg2
Bh3+ 34. Kh2 Bg4 35. Bc4 Kg6 36. Qd6+ Kh7 37. Qf4 Kg6 38. h5+ Bxh5 39. c6 Bf3
40. Qd6+ Kh7 41. Bg8+ Kh8 42. Qf8 Qh1# 0-1

[Event "Rilton Cup 2010-11"]
[Site "Stockholm SWE"]
[Date "2011.01.03"]
[Round "7"]
[White "Luukkonen, Tommi"]
[Black "Lindberg, Bosse"]
[Result "1-0"]
[WhiteTitle "FM"]
[WhiteElo "2309"]
[BlackElo "2404"]
[WhiteFideId "501808"]
[BlackFideId "1705997"]
[EventDate "2010.12.27"]

1. e4 e5 2. Nf3 Nc6 3. Bb5 a6 4. Ba4 Nf6 5. O-O Be7 6. d3 d6 7. c3 O-O 8. Nbd2
b5 9. Bc2 d5 10. exd5 Nxd5 11. Re1 Bg4 12. h3 Bh5 13. Ne4 Bg6 14. Ng3 Bc5 15. h4
Nf6 16. Nxe5 Nxe5 17. Rxe5 Nd7 18. Bg5 f6 19. Rxc5 Nxc5 20. Be3 Nd7 21. h5 Bf7
22. d4 Re8 23. Qg4 Be6 24. Bb3 Nf8 25. Bh6 Qd7 26. Nf5 g6 27. hxg6 hxg6 28. Bxf8
Kxf8 29. Qxg6 Bxb3 30. axb3 Qf7 31. Qh6+ Kg8 32. Rd1 Re6 33. Qh3 Kf8 34. d5 Re4
35. d6 Re6 36. dxc7 Rc8 37. Rd8+ Re8 38. Qh8+ 1-0